Quick Quiz - Statistics

General Stats
  • This quiz has been taken 30 times
  • The average score is 8 of 15
Answer Stats
Hint Answer % Correct
Biggest country in the world Russia
96%
First president of the USA George Washington
83%
A country that uses pounds United Kingdom
78%
Most populated country India
70%
Last name of Harry's friend Ron Weasley
70%
Most popular pet Dog
65%
Capital of Netherlands Amsterdam
61%
Symbol for the element Potassium K
57%
The state's capital is Boston Massachusetts
57%
Number of stars on the USA flag 50
39%
Main character of the strip "Peanuts" Charlie Brown
39%
Most subscribed YouTuber MrBeast
39%
King of the Greek gods Zeus
26%
Sixth color in the rainbow Indigo
13%
The quiz site you're using right now JetPunk
13%
No matching quizzes found
Score Distribution
Percent of People with Each Score
Percentile by Number Answered
Your Score History
You have not taken this quiz